Countries with More Borders than Their Neighbors - Statistics

General Stats
  • This quiz has been taken 2,958 times
  • The average score is 4 of 7
Answer Stats
# Country % Correct
10 Brazil
96%
9 DR Congo
82%
7 Saudi Arabia
61%
8 Turkey
56%
8 Serbia
50%
7 Sudan
45%
4 Guatemala
35%
No matching quizzes found
Score Distribution
Percent of People with Each Score
Percentile by Number Answered
Your Score History
You have not taken this quiz